| 000 | 00514cam a2200157Ia 4500 | ||
|---|---|---|---|
| 020 | _a287105009X | ||
| 040 | _cBGM | ||
| 082 | _a333 TER 1990 A068 Co. | ||
| 100 | 1 | _aDupriez, Hugues, | |
| 245 | 1 | 4 |
_aLes Chemins de l'eau : _bruissellement, irrigation, drainage (manuel tropical) / |
| 260 |
_aNivelles (Belgique) : _bTerres et Vie ; _aWageningen (Pays-bas) : _bCTA ; _aParis : _bl'harmattan ; _aDakar : _benda _c1990. |
||
| 300 |
_a380 p. : _bill. ; _c28 cm. |
||
| 650 | 7 | _aEau. | |
| 700 | 1 | _aLeener, P. de. | |
| 942 | _cFB | ||
| 999 |
_c14678 _d14678 |
||